Emotions in Organizational Behavior /

Gespeichert in:
Bibliographische Detailangaben
1. Verfasser: Härtel, Charmine E.J (ed.)
Weitere Verfasser: Zerbe, J. Wilfred (edición) (edición), Ashkanasy, Neal M. (edición) (edición)
Format: Buch
Sprache:Englisch
Veröffentlicht: Mahwah, EUA : Lawrence Erlbaum Associates, 2005, c2005
Schlagworte:
Tags: Tag hinzufügen
Keine Tags, Fügen Sie das erste Tag hinzu!

MARC

LEADER 00000nam^a2200000^a^4500
001 000182581
005 20250521000000.0
009 20260310102010.867
020 |a 0-8058-5098-8 
037 |a Acervo ITESO - Biblioteca 
041 |a ING 
082 |a 658. 314  |b HAR 
100 |a Härtel, Charmine E.J.  |e (ed.) 
245 1 0 |a Emotions in Organizational Behavior /  |c Ed. de C.E.J. Härtel, W.J. Zerbe, N.M. Ashkanasy ; pról. de Rusell Cropanzano. 
264 4 |a Mahwah, EUA :  |b Lawrence Erlbaum Associates,  |c 2005, c2005 
300 |a XXV,425 p. 
336 |a texto  |b txt  |2 rdacontenido 
337 |a sin mediación  |b n  |2 rdamedio 
338 |a volumen  |b nc  |2 rdasoporte 
649 |a XX 
650 |a Empleo y Desempleo 
650 |a Emoción 
650 |a Motivación Laboral 
650 |a Productividad 
650 |a Competencia (Economía) 
650 |a Comunicación Personal 
650 |a Comunicación Organizacional 
650 |a Relaciones Laborales 
650 |a Recursos Humanos 
650 |a Optimización 
650 |a Liderazgo 
650 |a Exito Administrativo 
650 |a Proceso Administrativo -  |x Dirección 
650 |a Ciencias Administrativas 
700 |a Zerbe, J. Wilfred  |e (edición) 
700 |a Ashkanasy, Neal M.  |e (edición) 
910 |a Fondo General 
920 |a Impresos - Libros 
930 |a Colección General 
905 |a 101 
901 |a 0500122788  |b IT1  |c ACC  |u 20250521 
902 |a https://opac.biblio.iteso.mx/vufind/Record/000182581